Ensayo del tetraedro facial, y su aplicación a una región antropológica española / (Record no. 81133)

MARC details
000 -LEADER
campo de control de longitud fija 00734nam a2200181 i 4500
001 - NÚMERO DE CONTROL
campo de control 81133
003 - IDENTIFICADOR DE NÚMERO DE CONTROL
campo de control ES-MaACL
005 - FECHA Y HORA DE LA ÚLTIMA TRANSACCIÓN
campo de control 20230906174357.0
007 - CAMPO FIJO DE DESCRIPCIÓN FÍSICA--INFORMACIÓN GENERAL
campo de control de longitud fija t|
008 - DATOS DE LONGITUD FIJA--INFORMACIÓN GENERAL
campo de control de longitud fija 041103s1949 sp ||||1| spa d
100 1# - ENTRADA PRINCIPAL--NOMBRE DE PERSONA
Nombre de persona Hoyos Sáinz, Luis de,
Fechas asociadas al nombre 1868-1951
9 (RLIN) 64437
245 10 - MENCIÓN DEL TÍTULO
Título Ensayo del tetraedro facial, y su aplicación a una región antropológica española /
Mención de responsabilidad, etc. por Luis de Hoyos Sáinz.
260 ## - PUBLICACIÓN, DISTRIBUCIÓN, ETC.
Lugar de publicación, distribución, etc. Madrid :
Nombre del editor, distribuidor, etc. [s.n.,
Fecha de publicación, distribución, etc. 1949] (
Fabricante C. Bermejo)
300 ## - DESCRIPCIÓN FÍSICA
Extensión 47 p., 3 lám. :
Otras características físicas il. ;
Dimensiones 27 cm.
500 ## - NOTA GENERAL
Nota general Es separata de: Publicaciones de la Real Academia de Ciencias Exactas, Físicas y Naturales de Madrid. Tom. I: Trabajos de los Académicos Numerarios.
852 ## - LOCALIZACIÓN
Ubicación ES-MaACL
Número de control de estantería 1908-F-1
Sublocalización o colección R.29202
Holdings
Estatus retirado Estado de pérdida Estado de daño No para préstamo Colección Biblioteca de origen Biblioteca actual Ubicación en estantería Fecha de adquisición Fuente de adquisición Total de préstamos Signatura topográfica completa Código de barras Visto por última vez Precio de reemplazo Tipo de ítem Koha
        Colección de folletos Biblioteca del Ateneo de Madrid Biblioteca del Ateneo de Madrid Depósito folletos 17/01/2008     1908-F-1 1084813 23/02/2023 23/02/2023 Folleto